[Event "17. Obert Int. Sant Marti 2015"]
[Site "Barcelona ESP"]
[Date "2015.07.13"]
[Round "1.65"]
[White "Rodriguez, Sofia"]
[Black "Stoeri, Simon"]
[Result "0-1"]
[WhiteElo "1783"]
[BlackElo "2229"]
[PlyCount "90"]
[EventDate "2015.07.13"]
[EventType "swiss"]
[EventRounds "9"]
[EventCountry "ESP"]
[SourceTitle "Ajedrez en Madrid"]
[Source "lmi"]
[SourceDate "2013.07.13"]
[SourceVersion "1"]
[SourceVersionDate "2019.06.24"]
[SourceQuality "1"]

1. e4 c5 2. Nf3 d6 3. d4 cxd4 4. Nxd4 Nf6 5. Nc3 Nc6 6. Bc4 e6 7. Bb3 Be7 8.
Be3 O-O 9. Qe2 a6 10. O-O-O Qc7 11. Rhg1 b5 12. g4 b4 13. g5 bxc3 14. gxf6
cxb2+ 15. Kb1 Bxf6 16. Nxc6 Qxc6 17. Bd4 Bxd4 18. Rxd4 a5 19. e5 dxe5 20. Qxe5
f6 21. Qh5 Qe8 22. Qh6 Ra7 23. Rh4 g6 24. c3 Rg7 25. Rd4 Bd7 26. Qh4 g5 27. Qe4
Kh8 28. Kxb2 e5 29. Rd2 a4 30. Bd5 Qc8 31. Qc4 Qxc4 32. Bxc4 Rb8+ 33. Ka1 Rc8
34. Bd5 Rxc3 35. Kb2 Rc8 36. Rgd1 Bf5 37. Bg2 Rgc7 38. Rd6 Rb8+ 39. Ka1 Kg7 40.
Bc6 a3 41. Ba4 Rb2 42. f3 Bc2 43. Rd7+ Rxd7 44. Rxd7+ Kg6 45. Bxc2+ Rxc2 0-1

[Event "17. Obert Int. Sant Marti 2015"]
[Site "Barcelona ESP"]
[Date "2015.07.13"]
[Round "1.66"]
[White "Minko, Vladimir"]
[Black "Barragan Hernandez, Manel"]
[Result "1-0"]
[WhiteElo "2226"]
[BlackElo "1767"]
[PlyCount "51"]
[EventDate "2015.07.13"]
[EventType "swiss"]
[EventRounds "9"]
[EventCountry "ESP"]
[SourceTitle "Ajedrez en Madrid"]
[Source "lmi"]
[SourceDate "2013.07.13"]
[SourceVersion "1"]
[SourceVersionDate "2019.06.24"]
[SourceQuality "1"]

1. d4 Nf6 2. c4 e5 3. dxe5 Ng4 4. e3 Nxe5 5. Nh3 Ng6 6. f4 d6 7. Nf2 c6 8. Nc3
Nd7 9. b3 Nf6 10. Bb2 Qe7 11. Qe2 h5 12. O-O-O Bg4 13. Nxg4 Nxg4 14. g3 O-O-O
15. Bh3 f5 16. e4 Qf7 17. exf5 Qxf5 18. Rde1 Kb8 19. Nd1 d5 20. Ne3 Qf7 21.
Nxg4 hxg4 22. Bxg4 Bb4 23. Qe6 Rhf8 24. Qxf7 Rxf7 25. Rd1 Ne7 26. Be6 1-0

[Event "17. Obert Int. Sant Marti 2015"]
[Site "Barcelona ESP"]
[Date "2015.07.13"]
[Round "1.67"]
[White "Boixader Arbo, Xavier"]
[Black "Aguilar, Andres"]
[Result "1/2-1/2"]
[WhiteElo "1755"]
[BlackElo "2224"]
[PlyCount "241"]
[EventDate "2015.07.13"]
[EventType "swiss"]
[EventRounds "9"]
[EventCountry "ESP"]
[SourceTitle "Ajedrez en Madrid"]
[Source "lmi"]
[SourceDate "2013.07.13"]
[SourceVersion "1"]
[SourceVersionDate "2019.06.24"]
[SourceQuality "1"]

1. e4 c5 2. Nf3 Nc6 3. Bb5 g6 4. O-O Bg7 5. c3 Nf6 6. Re1 O-O 7. d4 cxd4 8.
cxd4 d5 9. e5 Ne4 10. Nc3 Nxc3 11. bxc3 Na5 12. Ba3 Bd7 13. Bxd7 Qxd7 14. e6
fxe6 15. Ng5 Nc4 16. Bc1 e5 17. dxe5 Bxe5 18. Qd3 Rac8 19. h4 Rc6 20. Rb1 Rcf6
21. Re2 b6 22. h5 Bc7 23. Rb4 Qd6 24. Qh3 gxh5 25. Ne6 R8f7 26. Ng5 Rg7 27.
Qxh5 Qd7 28. Ne6 Rxe6 29. Rxe6 Rxg2+ 30. Kxg2 Qxe6 31. Bh6 Qg6+ 32. Qxg6+ hxg6
33. Rb1 Be5 34. Rd1 e6 35. Rd3 Kf7 36. Bc1 b5 37. Rh3 a5 38. Kf1 Nd6 39. Bd2 g5
40. f3 Kg6 41. Ke2 Bf6 42. Rh1 e5 43. Rb1 Kf5 44. Rf1 Ke6 45. Rb1 e4 46. fxe4
dxe4 47. a4 bxa4 48. Ra1 Nc4 49. Rxa4 Kd5 50. Be1 g4 51. Ra1 Kc6 52. Kf1 Be5
53. Kg2 Kb5 54. Rb1+ Ka4 55. Rb7 Ka3 56. Rb5 Bd6 57. Bg3 Ka4 58. Rb1 Ba3 59.
Re1 e3 60. Bf4 Bc5 61. Kg3 Kb3 62. Kxg4 a4 63. Kf3 a3 64. Ke2 a2 65. Kd3 Nb2+
66. Ke2 Na4 67. Kd3 Nxc3 68. Ra1 e2 69. Bd2 Bb4 70. Rxa2 Nxa2 71. Kxe2 Bd6 72.
Kd3 Be5 73. Ke4 Bg7 74. Kd3 Bf6 75. Bf4 Nb4+ 76. Ke4 Kc4 77. Be5 Be7 78. Bh8
Nd3 79. Kf5 Kd5 80. Bf6 Bd6 81. Bg7 Nf2 82. Bh8 Ne4 83. Ba1 Ng3+ 84. Kg5 Ke4
85. Kg6 Ne2 86. Kf7 Kf5 87. Bb2 Nf4 88. Bc1 Ne6 89. Bd2 Nd8+ 90. Ke8 Nb7 91.
Kd7 Ke5 92. Kc6 Nd8+ 93. Kd7 Ne6 94. Bc3+ Kd5 95. Ba1 Nc5+ 96. Ke8 Ke6 97. Bd4
Nb7 98. Bb6 Be7 99. Bc7 Nc5 100. Bd8 Bd6 101. Bb6 Nd7 102. Bd4 Be7 103. Bg7 Nb6
104. Bf8 Bg5 105. Ba3 Nd5 106. Kf8 Bh6+ 107. Ke8 Bg5 108. Kf8 Nf6 109. Kg7 Ne8+
110. Kf8 Nc7 111. Bb2 Nd5 112. Ba3 Bh6+ 113. Ke8 Bd2 114. Kd8 Bf4 115. Kc8 Bc7
116. Kb7 Kd7 117. Bc5 Nf4 118. Ba3 Ne6 119. Bb4 Nd8+ 120. Ka6 Nc6 121. Kb5
1/2-1/2

[Event "17. Obert Int. Sant Marti 2015"]
[Site "Barcelona ESP"]
[Date "2015.07.13"]
[Round "1.69"]
[White "Minko, Dmitry"]
[Black "Chirivi C, Jenny Astrid"]
[Result "0-1"]
[WhiteElo "1672"]
[BlackElo "2218"]
[PlyCount "90"]
[EventDate "2015.07.13"]
[EventType "swiss"]
[EventRounds "9"]
[EventCountry "ESP"]
[SourceTitle "Ajedrez en Madrid"]
[Source "lmi"]
[SourceDate "2013.07.13"]
[SourceVersion "1"]
[SourceVersionDate "2019.06.24"]
[SourceQuality "1"]

1. e4 c5 2. Nf3 e6 3. d4 cxd4 4. Nxd4 a6 5. Bd3 Bc5 6. Nb3 Be7 7. O-O d6 8. c4
Nf6 9. Nd4 Qc7 10. Nc3 Nbd7 11. b3 b5 12. Be3 bxc4 13. bxc4 Nc5 14. Bc2 O-O 15.
Nb3 Ncd7 16. Qe2 Bb7 17. f4 Rac8 18. Bd3 Rfe8 19. Rac1 Bf8 20. h3 Qd8 21. Bf2
g6 22. Kh2 Nh5 23. Be1 Nc5 24. Nxc5 Rxc5 25. Na4 Rc8 26. g4 Ng7 27. Rb1 Bc6 28.
Nc3 Qc7 29. Bg3 Rb8 30. Qc2 Rxb1 31. Rxb1 Rb8 32. Rb2 Ne8 33. Rxb8 Qxb8 34. Qb3
Qa7 35. Nd1 Nf6 36. Bf2 Qa8 37. e5 dxe5 38. fxe5 Nd7 39. Bg3 Bg7 40. Qb2 Qa7
41. Nf2 Qe3 42. Bf1 h5 43. gxh5 gxh5 44. Nd3 h4 45. Bf2 Qe4 0-1

[Event "17. Obert Int. Sant Marti 2015"]
[Site "Barcelona ESP"]
[Date "2015.07.13"]
[Round "1.70"]
[White "Capellades Subirana, Marc"]
[Black "Perez Garcia, Adria"]
[Result "1/2-1/2"]
[WhiteElo "2213"]
[BlackElo "1644"]
[PlyCount "86"]
[EventDate "2015.07.13"]
[EventType "swiss"]
[EventRounds "9"]
[EventCountry "ESP"]
[SourceTitle "Ajedrez en Madrid"]
[Source "lmi"]
[SourceDate "2013.07.13"]
[SourceVersion "1"]
[SourceVersionDate "2019.06.24"]
[SourceQuality "1"]

1. e4 c6 2. d4 d5 3. e5 c5 4. c3 Nc6 5. Be3 Bf5 6. Nf3 Qb6 7. Qd2 e6 8. Be2
cxd4 9. Nxd4 Nxd4 10. Bxd4 Bc5 11. a4 Ne7 12. a5 Qc6 13. O-O O-O 14. Na3 a6 15.
Rfc1 Rfd8 16. b4 Ba7 17. Bxa7 Rxa7 18. c4 Raa8 19. Bf3 Qc7 20. cxd5 Qxe5 21.
Nc4 Qf6 22. d6 Nd5 23. Rd1 Rac8 24. Bxd5 exd5 25. Nb6 Rc2 26. Qxd5 Rxf2 27.
Qxb7 Qh4 28. Re1 Ra2 29. Rad1 Bh3 30. g3 Qf6 31. Rf1 Bxf1 32. Rxf1 Ra1 33. Rxa1
Qxa1+ 34. Kg2 Qa2+ 35. Kf3 Qb3+ 36. Kg2 Qc2+ 37. Kh3 Qf5+ 38. Kg2 Qe6 39. d7
Qe2+ 40. Kg1 Qe1+ 41. Kg2 Qe2+ 42. Kg1 Qe1+ 43. Kg2 Qe2+ 1/2-1/2

[Event "17. Obert Int. Sant Marti 2015"]
[Site "Barcelona ESP"]
[Date "2015.07.13"]
[Round "1.71"]
[White "Brilej, Jaka"]
[Black "Ayza Leon, David"]
[Result "1/2-1/2"]
[WhiteElo "1639"]
[BlackElo "2208"]
[PlyCount "64"]
[EventDate "2015.07.13"]
[EventType "swiss"]
[EventRounds "9"]
[EventCountry "ESP"]
[SourceTitle "Ajedrez en Madrid"]
[Source "lmi"]
[SourceDate "2013.07.13"]
[SourceVersion "1"]
[SourceVersionDate "2019.06.24"]
[SourceQuality "1"]

1. e4 d6 2. d4 Nf6 3. Nc3 g6 4. f3 Bg7 5. Be3 O-O 6. Qd2 e5 7. Nge2 exd4 8.
Nxd4 Nc6 9. O-O-O Nxd4 10. Bxd4 Be6 11. Kb1 a6 12. g4 h5 13. g5 Ne8 14. Bxg7
Nxg7 15. f4 f6 16. f5 Bf7 17. fxg6 Bxg6 18. Bc4+ Kh7 19. h4 c6 20. Qh2 Ne8 21.
Rhf1 Qe7 22. gxf6 Rxf6 23. Rxf6 Qxf6 24. Rf1 Qe5 25. Qf2 Ng7 26. Bf7 Qe7 27.
Bxg6+ Kxg6 28. Qg3+ Kh7 29. Rg1 Qe5 30. Qg6+ Kg8 31. Rg5 Rf8 32. a3 Qf6 1/2-1/2

[Event "17. Obert Int. Sant Marti 2015"]
[Site "Barcelona ESP"]
[Date "2015.07.13"]
[Round "1.72"]
[White "Raja, Harshit"]
[Black "Kakumanu, Kautil Prasad"]
[Result "0-1"]
[WhiteElo "2205"]
[BlackElo "1616"]
[PlyCount "73"]
[EventDate "2015.07.13"]
[EventType "swiss"]
[EventRounds "9"]
[EventCountry "ESP"]
[SourceTitle "Ajedrez en Madrid"]
[Source "lmi"]
[SourceDate "2013.07.13"]
[SourceVersion "1"]
[SourceVersionDate "2019.06.24"]
[SourceQuality "1"]

1. Nf3 d5 2. d4 Nf6 3. c4 c6 4. cxd5 cxd5 5. Nc3 Nc6 6. g3 e6 7. Bg2 Be7 8. O-O
O-O 9. Bf4 Bd7 10. Ne5 Rc8 11. Nxc6 Bxc6 12. f3 b5 13. Qd2 b4 14. Nd1 Ba4 15.
b3 Bb5 16. Nf2 Qd7 17. Rfc1 a5 18. Nd3 Qa7 19. Be3 Nd7 20. Bf2 Bf6 21. Ne1 Nb6
22. e4 Be7 23. e5 a4 24. Nd3 Rxc1+ 25. Rxc1 axb3 26. axb3 Qa3 27. Nc5 Rc8 28.
Qd1 Be2 29. Qe1 Ra8 30. Be3 Qb2 31. Rb1 Qc2 32. Rc1 Qb2 33. Rb1 Qc2 34. Rc1 Qb2
35. Qxb4 Bxf3 36. Bxf3 Ra2 37. Qd2 0-1

[Event "17. Obert Int. Sant Marti 2015"]
[Site "Barcelona ESP"]
[Date "2015.07.13"]
[Round "1.75"]
[White "Tateo, Ida"]
[Black "Castrillon Gomez, Melissa"]
[Result "0-1"]
[WhiteElo "1301"]
[BlackElo "2199"]
[PlyCount "52"]
[EventDate "2015.07.13"]
[EventType "swiss"]
[EventRounds "9"]
[EventCountry "ESP"]
[SourceTitle "Ajedrez en Madrid"]
[Source "lmi"]
[SourceDate "2013.07.13"]
[SourceVersion "1"]
[SourceVersionDate "2019.06.24"]
[SourceQuality "1"]

1. e4 c5 2. Nf3 d6 3. d4 Nf6 4. Nc3 cxd4 5. Nxd4 g6 6. Be3 Bg7 7. f3 O-O 8. Qd2
Nc6 9. Bc4 Bd7 10. O-O-O Rc8 11. Bb3 Nxd4 12. Bxd4 b5 13. h4 a5 14. h5 a4 15.
h6 Bh8 16. Bd5 e6 17. Bxe6 Bxe6 18. Qf4 b4 19. Nd5 Bxd5 20. exd5 b3 21. axb3
axb3 22. c3 Nxd5 23. Qe4 Qg5+ 24. Rd2 Rfe8 25. Qd3 Nf4 26. Qa6 Bxd4 0-1

[Event "17. Obert Int. Sant Marti 2015"]
[Site "Barcelona ESP"]
[Date "2015.07.14"]
[Round "2.1"]
[White "Grigoryan, Karen H."]
[Black "Valdes Romero, Leonardo"]
[Result "1-0"]
[WhiteElo "2580"]
[BlackElo "2396"]
[PlyCount "65"]
[EventDate "2015.07.13"]
[EventType "swiss"]
[EventRounds "9"]
[EventCountry "ESP"]
[SourceTitle "Ajedrez en Madrid"]
[Source "lmi"]
[SourceDate "2013.07.13"]
[SourceVersion "1"]
[SourceVersionDate "2019.06.24"]
[SourceQuality "1"]

1. e4 d6 2. d4 Nf6 3. Nc3 e5 4. Nf3 Nbd7 5. Bc4 Be7 6. O-O O-O 7. Re1 c6 8. a4
b6 9. d5 cxd5 10. Nxd5 Bb7 11. b3 Rc8 12. Re2 Nxd5 13. Bxd5 Bxd5 14. Qxd5 Nf6
15. Qd1 d5 16. exd5 Qxd5 17. Bb2 e4 18. Ne5 Qa8 19. Nc4 Nd5 20. Rd2 Rfd8 21.
Qg4 Nf6 22. Bxf6 Bxf6 23. Rad1 Rxd2 24. Rxd2 Re8 25. Rd7 Re6 26. Qd1 Be7 27.
Ne3 a5 28. Rc7 Qe8 29. Qd5 Bc5 30. Rd7 Qf8 31. g3 g6 32. Ng4 Kg7 33. Qxe6 1-0

[Event "17. Obert Int. Sant Marti 2015"]
[Site "Barcelona ESP"]
[Date "2015.07.14"]
[Round "2.2"]
[White "Satyapragyan, Swayangsu"]
[Black "Burmakin, Vladimir"]
[Result "1/2-1/2"]
[WhiteElo "2392"]
[BlackElo "2571"]
[PlyCount "93"]
[EventDate "2015.07.13"]
[EventType "swiss"]
[EventRounds "9"]
[EventCountry "ESP"]
[SourceTitle "Ajedrez en Madrid"]
[Source "lmi"]
[SourceDate "2013.07.13"]
[SourceVersion "1"]
[SourceVersionDate "2019.06.24"]
[SourceQuality "1"]

1. e4 c6 2. d4 d5 3. e5 Bf5 4. Nf3 e6 5. Be2 Nd7 6. O-O Ne7 7. Nbd2 Nc8 8. a4
Be7 9. a5 O-O 10. Nb3 a6 11. Be3 Na7 12. Qd2 Nb5 13. h3 Rc8 14. Rac1 Be4 15.
Ng5 Bg6 16. f4 c5 17. Bxb5 axb5 18. Nxc5 Nxc5 19. dxc5 Bxc5 20. Bxc5 Rxc5 21.
Nf3 b4 22. Qxb4 Qxa5 23. Qxa5 Rxa5 24. c3 Rfa8 25. Nd4 Be4 26. Rf2 Kf8 27. Rd2
Ke7 28. Kf2 f6 29. Ke3 Ra1 30. Rxa1 Rxa1 31. Kf2 b6 32. Nb5 g5 33. exf6+ Kxf6
34. fxg5+ Kxg5 35. Nd6 Bg6 36. c4 dxc4 37. Nxc4 b5 38. Ne5 Rb1 39. Nf3+ Kf6 40.
Nd4 b4 41. Re2 Bf7 42. Ke3 Rc1 43. Rf2+ Kg7 44. Rc2 Re1+ 45. Re2 Rd1 46. Rd2
Re1+ 47. Re2 1/2-1/2

[Event "17. Obert Int. Sant Marti 2015"]
[Site "Barcelona ESP"]
[Date "2015.07.14"]
[Round "2.3"]
[White "Kessler, Luca"]
[Black "Lopez Martinez, Josep Manuel"]
[Result "1/2-1/2"]
[WhiteElo "2364"]
[BlackElo "2536"]
[PlyCount "166"]
[EventDate "2015.07.13"]
[EventType "swiss"]
[EventRounds "9"]
[EventCountry "ESP"]
[SourceTitle "Ajedrez en Madrid"]
[Source "lmi"]
[SourceDate "2013.07.13"]
[SourceVersion "1"]
[SourceVersionDate "2019.06.24"]
[SourceQuality "1"]

1. d4 Nf6 2. c4 e6 3. Nc3 Bb4 4. Qc2 O-O 5. Nf3 d6 6. Bd2 Nbd7 7. a3 Bxc3 8.
Bxc3 Qe7 9. e3 b6 10. Be2 Bb7 11. O-O Ne4 12. Nd2 Nxc3 13. Qxc3 c5 14. Bf3 Nf6
15. Bxb7 Qxb7 16. Nf3 Rac8 17. Rac1 h6 18. h3 cxd4 19. Qxd4 Rfd8 20. Rfd1 Qa6
21. Rc3 e5 22. Qh4 Qa4 23. Rdc1 a6 24. Kh2 Qc6 25. Nd2 Rd7 26. Qg3 Rdc7 27. Qf3
Qxf3 28. gxf3 Kf8 29. Nb1 Ke7 30. Kg2 Ke6 31. Kf1 e4 32. Ke2 exf3+ 33. Kxf3 Rc5
34. Nd2 Ke7 35. Rg1 g6 36. Ke2 Rh5 37. Rg3 Rh4 38. Kd3 Nd7 39. b3 Rh5 40. b4
Rf5 41. f4 a5 42. Nf3 axb4 43. axb4 Ra8 44. Rg1 Rh5 45. h4 Nb8 46. Rb1 Nc6 47.
Rcb3 Ra4 48. Kc3 Kd7 49. R3b2 Kc7 50. Rb3 Rf5 51. R3b2 Rf6 52. Rb3 Ra8 53. Kd3
Rf5 54. R1b2 b5 55. Rc2 Kb6 56. cxb5 Rxb5 57. Rxc6+ Kxc6 58. Nd4+ Kb6 59. Nxb5
Kxb5 60. Ke4 Kc4 61. Rb1 Re8+ 62. Kf3 d5 63. Rd1 Re4 64. b5 Re6 65. h5 gxh5 66.
Rb1 Kc5 67. Rd1 h4 68. Rh1 Kxb5 69. Rxh4 Kc5 70. Rh1 Kd6 71. Rh5 Rf6 72. Ke2
Kc6 73. Kd3 Kc5 74. Rh1 Ra6 75. Rc1+ Kd6 76. Rh1 Ke7 77. Rh5 Rd6 78. Kd4 Kf8
79. Kc5 Ra6 80. Kd4 Ra4+ 81. Kd3 Kg7 82. Rxd5 Kg6 83. Ke2 h5 1/2-1/2

[Event "17. Obert Int. Sant Marti 2015"]
[Site "Barcelona ESP"]
[Date "2015.07.14"]
[Round "2.4"]
[White "Alsina Leal, Daniel"]
[Black "Mosquera, Miguel"]
[Result "1/2-1/2"]
[WhiteElo "2531"]
[BlackElo "2375"]
[PlyCount "53"]
[EventDate "2015.07.13"]
[EventType "swiss"]
[EventRounds "9"]
[EventCountry "ESP"]
[SourceTitle "Ajedrez en Madrid"]
[Source "lmi"]
[SourceDate "2013.07.13"]
[SourceVersion "1"]
[SourceVersionDate "2019.06.24"]
[SourceQuality "1"]

1. d4 d5 2. c4 c6 3. cxd5 cxd5 4. Nf3 Nf6 5. Nc3 Nc6 6. Bf4 Bf5 7. e3 e6 8. Qb3
Bb4 9. Ne5 Qa5 10. Nxc6 bxc6 11. a3 Bxc3+ 12. bxc3 O-O 13. Qb4 Qb6 14. a4 Qxb4
15. cxb4 a5 16. b5 cxb5 17. axb5 Nd7 18. Bc7 a4 19. b6 a3 20. Be2 Nxb6 21. Bxb6
Rfb8 22. Bc5 Rb1+ 23. Rxb1 Bxb1 24. Bxa3 Rxa3 25. O-O Bd3 26. Rc1 g5 27. Bxd3
1/2-1/2

[Event "17. Obert Int. Sant Marti 2015"]
[Site "Barcelona ESP"]
[Date "2015.07.14"]
[Round "2.5"]
[White "Puranik, Abhimanyu"]
[Black "Ghosh, Diptayan"]
[Result "1/2-1/2"]
[WhiteElo "2328"]
[BlackElo "2523"]
[PlyCount "102"]
[EventDate "2015.07.13"]
[EventType "swiss"]
[EventRounds "9"]
[EventCountry "ESP"]
[SourceTitle "Ajedrez en Madrid"]
[Source "lmi"]
[SourceDate "2013.07.13"]
[SourceVersion "1"]
[SourceVersionDate "2019.06.24"]
[SourceQuality "1"]

1. e4 e5 2. Nf3 Nc6 3. Bb5 a6 4. Ba4 Nf6 5. O-O Be7 6. Re1 b5 7. Bb3 d6 8. c3
O-O 9. h3 Nb8 10. d4 Nbd7 11. Nbd2 Bb7 12. Bc2 Re8 13. Nf1 Bf8 14. Ng3 g6 15.
a4 c6 16. Bg5 Bg7 17. Bd3 Nf8 18. Be3 N6d7 19. dxe5 dxe5 20. b4 Ne6 21. Qc2 Qc7
22. Rec1 Rec8 23. Qb1 Qd8 24. axb5 cxb5 25. c4 bxc4 26. Bxc4 Qe7 27. Qb3 Nd4
28. Bxd4 exd4 29. Bd5 Bxd5 30. exd5 Qd6 31. Rxc8+ Rxc8 32. Ne4 Qf4 33. Qd3 Re8
34. Re1 f5 35. Ned2 Rxe1+ 36. Nxe1 Qd6 37. Nef3 Nf6 38. Qxd4 Nxd5 39. Qc4 h6
40. b5 axb5 41. Qxb5 Kh7 42. Qe8 Nf4 43. Qe3 g5 44. Qb3 Qd3 45. Qxd3 Nxd3 46.
g4 Kg6 47. Nc4 h5 48. gxh5+ Kxh5 49. Ne3 Kg6 50. Kg2 Bf8 51. h4 gxh4 1/2-1/2

[Event "17. Obert Int. Sant Marti 2015"]
[Site "Barcelona ESP"]
[Date "2015.07.14"]
[Round "2.6"]
[White "Gomez Garrido, Camilo Ernesto"]
[Black "Konguvel, Ponnuswamy"]
[Result "1-0"]
[WhiteElo "2519"]
[BlackElo "2337"]
[PlyCount "93"]
[EventDate "2015.07.13"]
[EventType "swiss"]
[EventRounds "9"]
[EventCountry "ESP"]
[SourceTitle "Ajedrez en Madrid"]
[Source "lmi"]
[SourceDate "2013.07.13"]
[SourceVersion "1"]
[SourceVersionDate "2019.06.24"]
[SourceQuality "1"]

1. d4 Nf6 2. c4 g6 3. g3 Bg7 4. Bg2 O-O 5. Nc3 c5 6. d5 d6 7. Nf3 e6 8. O-O
exd5 9. cxd5 a6 10. a4 Re8 11. Bf4 b6 12. Re1 Nh5 13. Bg5 Qc7 14. e4 Nd7 15.
Qd2 Ne5 16. Nxe5 Bxe5 17. f4 Bd4+ 18. Kh1 Bd7 19. Rac1 Bg7 20. Bf3 h6 21. Bh4
Qb7 22. Qg2 Rac8 23. a5 bxa5 24. Re2 Nf6 25. g4 Nh7 26. Bg3 Qb4 27. h4 Bb5 28.
Nxb5 axb5 29. e5 c4 30. e6 c3 31. bxc3 Rxc3 32. Rxc3 Qxc3 33. f5 gxf5 34. gxf5
fxe6 35. dxe6 Qb4 36. Bh5 Re7 37. Rc2 Kh8 38. Bf7 Nf8 39. Kh2 Qg4 40. Rf2 Bf6
41. Bxd6 Qxh4+ 42. Kg1 Rxf7 43. exf7 Bg5 44. Bxf8 Qh5 45. Bc5 Qxf7 46. Bd4+ Kh7
47. Qxg5 1-0

[Event "17. Obert Int. Sant Marti 2015"]
[Site "Barcelona ESP"]
[Date "2015.07.14"]
[Round "2.7"]
[White "Morales, Jhon Alexander"]
[Black "Cicak, Slavko"]
[Result "1-0"]
[WhiteElo "2308"]
[BlackElo "2514"]
[PlyCount "65"]
[EventDate "2015.07.13"]
[EventType "swiss"]
[EventRounds "9"]
[EventCountry "ESP"]
[SourceTitle "Ajedrez en Madrid"]
[Source "lmi"]
[SourceDate "2013.07.13"]
[SourceVersion "1"]
[SourceVersionDate "2019.06.24"]
[SourceQuality "1"]

1. e4 c5 2. Nf3 d6 3. d4 cxd4 4. Nxd4 Nc6 5. Nc3 Nf6 6. Bg5 a6 7. Qd2 e5 8. Nf5
Bxf5 9. Bxf6 Qxf6 10. Nd5 Qh4 11. exf5 Qe4+ 12. Ne3 g6 13. Bd3 Qh4 14. g3 Qa4
15. Nd5 Rb8 16. c3 Be7 17. b4 Na7 18. O-O Qd7 19. f4 gxf5 20. fxe5 dxe5 21.
Bxf5 Qd6 22. Rad1 Kf8 23. Qe3 Nb5 24. Nxe7 Qxe7 25. Qh6+ Kg8 26. Rd7 Qf8 27.
Qh4 Re8 28. Rf3 Qg7 29. Be4 h6 30. Bd5 Rh7 31. Rfxf7 Qxf7 32. Rxf7 Rxf7 33. Qf6
1-0

[Event "17. Obert Int. Sant Marti 2015"]
[Site "Barcelona ESP"]
[Date "2015.07.14"]
[Round "2.8"]
[White "Cuartas, Jaime Alexander"]
[Black "Ramirez Garcia, Jorge Alberto"]
[Result "1-0"]
[WhiteElo "2503"]
[BlackElo "2312"]
[PlyCount "85"]
[EventDate "2015.07.13"]
[EventType "swiss"]
[EventRounds "9"]
[EventCountry "ESP"]
[SourceTitle "Ajedrez en Madrid"]
[Source "lmi"]
[SourceDate "2013.07.13"]
[SourceVersion "1"]
[SourceVersionDate "2019.06.24"]
[SourceQuality "1"]

1. d4 e6 2. Nf3 d5 3. c4 Nf6 4. e3 c5 5. Nc3 a6 6. cxd5 exd5 7. Be2 Nc6 8. O-O
Bd6 9. dxc5 Bxc5 10. b3 O-O 11. Bb2 Be6 12. Na4 Bd6 13. Nd4 Ne4 14. f4 Re8 15.
Nxe6 fxe6 16. Bd3 Nf6 17. Kh1 Qe7 18. Nc3 Rad8 19. e4 dxe4 20. Nxe4 Nxe4 21.
Bxe4 Bxf4 22. Bxh7+ Kxh7 23. Qc2+ Kg8 24. Rxf4 e5 25. Re4 Qd6 26. Rae1 Qd3 27.
Qc1 Rd5 28. h3 Rf8 29. Rg4 Rd7 30. Kh2 Rf5 31. Re3 Qd5 32. Reg3 Rff7 33. Qh6 b5
34. Rh4 Kf8 35. Qh8+ Ke7 36. Ba3+ b4 37. Bxb4+ Nxb4 38. Rxb4 Qd6 39. Rbg4 Rd8
40. Qh4+ Qf6 41. Rg5 Rd5 42. Rf3 Qh6 43. Rxe5+ 1-0

[Event "17. Obert Int. Sant Marti 2015"]
[Site "Barcelona ESP"]
[Date "2015.07.14"]
[Round "2.9"]
[White "Pogorelov, Ruslan"]
[Black "Shyam, Sundar M."]
[Result "0-1"]
[WhiteElo "2301"]
[BlackElo "2492"]
[PlyCount "114"]
[EventDate "2015.07.13"]
[EventType "swiss"]
[EventRounds "9"]
[EventCountry "ESP"]
[SourceTitle "Ajedrez en Madrid"]
[Source "lmi"]
[SourceDate "2013.07.13"]
[SourceVersion "1"]
[SourceVersionDate "2019.06.24"]
[SourceQuality "1"]

1. Nf3 g6 2. e4 Bg7 3. d4 c6 4. c4 d6 5. Nc3 Bg4 6. Be2 Qb6 7. Na4 Qa5+ 8. Bd2
Qc7 9. Be3 Nf6 10. Nc3 O-O 11. h3 Bxf3 12. Bxf3 e5 13. d5 Nbd7 14. O-O a6 15.
Rc1 c5 16. a4 Kh8 17. Qd2 Ng8 18. g4 Qd8 19. Kg2 Bf6 20. g5 Be7 21. h4 f5 22.
gxf6 Ndxf6 23. Rh1 Qd7 24. Rh3 Rf7 25. Rch1 Raf8 26. Qe2 Bd8 27. Rg3 Ba5 28.
Qc2 h5 29. Rxg6 Bxc3 30. bxc3 Nxd5 31. cxd5 Rxf3 32. Qe2 Qh7 33. Rg5 Qxe4 34.
Rxh5+ Nh6 35. Kh2 Rxf2+ 36. Qxf2 Rxf2+ 37. Bxf2 Kh7 38. Rg1 Qf3 39. Rxh6+ Kxh6
40. Rg2 Qxc3 41. Rg3 Qd2 42. Kg1 Qxd5 43. Be3+ Kh7 44. Kh2 Qa2+ 45. Kh3 Qxa4
46. h5 Qd7+ 47. Kh4 b5 48. Rg6 Qf5 49. Rh6+ Kg7 50. Bg5 Qe4+ 51. Kh3 Qf5+ 52.
Kh4 b4 53. Rxd6 b3 54. Rb6 Qe4+ 55. Kg3 c4 56. h6+ Kh7 57. Rxa6 Qb7 0-1

[Event "17. Obert Int. Sant Marti 2015"]
[Site "Barcelona ESP"]
[Date "2015.07.14"]
[Round "2.10"]
[White "Pomini, Aurelien"]
[Black "Oratovsky, Michael"]
[Result "0-1"]
[WhiteElo "2298"]
[BlackElo "2490"]
[PlyCount "82"]
[EventDate "2015.07.13"]
[EventType "swiss"]
[EventRounds "9"]
[EventCountry "ESP"]
[SourceTitle "Ajedrez en Madrid"]
[Source "lmi"]
[SourceDate "2013.07.13"]
[SourceVersion "1"]
[SourceVersionDate "2019.06.24"]
[SourceQuality "1"]

1. e4 c5 2. Nf3 e6 3. d4 cxd4 4. Nxd4 a6 5. Nc3 b5 6. Bd3 d6 7. O-O Nf6 8. Be3
Bb7 9. a3 Nbd7 10. f4 Rc8 11. Nb3 h5 12. h3 h4 13. Qd2 Be7 14. Rae1 Nh5 15. Kh2
Ng3 16. Rf3 O-O 17. Bf2 Nh5 18. Be2 Ng3 19. Bd3 Nh5 20. Rd1 Nb6 21. Na5 Ba8 22.
Be2 Nc4 23. Nxc4 bxc4 24. Be1 Qc7 25. Rf1 Ng3 26. Bxg3 hxg3+ 27. Kxg3 Rb8 28.
Rb1 Rfd8 29. Bf3 Bf6 30. Kh2 Rb6 31. Nd1 d5 32. e5 Be7 33. Rc1 c3 34. Qxc3 Qxc3
35. Nxc3 Rxb2 36. Na4 Rbb8 37. c4 Bc6 38. Nc3 Bxa3 39. cxd5 Bxc1 40. dxc6 Bxf4+
41. g3 Bxe5 0-1